000 00450nam a2200181Ia 4500
005 20240802100531.0
008 131103s9999 xx 000 0 und d
040 _aLoreto College
041 _aEnglish
082 _a822.33
_bSHA
245 4 _aThe Shakespearian properties
260 _aGreat Britain
_bJjarrold Colour
_c1967
300 _a21p.
_b ill.
650 _aShakespeare, William
651 _aBiography
850 _aLCBED
942 _cBK
999 _c33619
_d84098